01022 2200325 4500001002100000005001500021035002000036007000300056008004100059020002200100040002200122082001200144084001400156090002200170100003100192245014900223250002600372300003000398650001400428700002600442700003100468850001200499504003100511264003600542336002100578337003000599338002300629999002200652990002200674INLIS00000000089707620250616032458 a0010-0625000447ta250616s2024 yoi g ind d a978-623-376-601-2 aYOPDYOGbinderda04223a351 a351 NOV b aCB-D.11 2024-67330 aNoverman DuadjiePengarang01aBirokrasi dan inovasi kebijakan publik era vuca :bmodel penguatan peran policy entrepreneurship /cNoverman Duadji, Rulinawaty, Novita Tresiana aCetakan Pertama: 2024 aviii, 86 halaman ;c24 cm 4aBirokrasi0 aRulinawatyePengarang0 aNovita TresianaePengarang aYOPDYOG aBibliografi: halaman 81-8331aYogyakarta :bGraha Ilmu,c2024 2rdacontentateks 2rdamediaatanpa perantara 2rdacarrieravolume aCB-D.11/2024-6733 aCB-D.11/2024-6733